Normal view
MARC view
- Miskeen Ali Hijazi
Entry Personal Name
001 - CONTROL NUMBER
- control field: 81578
003 - CONTROL NUMBER IDENTIFIER
- control field: NUST
005 - DATE AND TIME OF LATEST TRANSACTION
- control field: 20210817162255.0
008 - FIXED-LENGTH DATA ELEMENTS
- fixed length control field: 210817|| aca||aabn | a|a d
040 ## - CATALOGING SOURCE
- Original cataloging agency: NUST
- Transcribing agency: NUST
100 ## - HEADING--PERSONAL NAME
- Personal name: Miskeen Ali Hijazi
670 ## - SOURCE DATA FOUND
- Source citation: Work cat.: (NUST)7156: Miskeen Ali Hijazi, Mass Communication theory and practice, 2004.
